Datum a čas kvízu
24.5
Celkem bodů
Celkový počet nahraných bodů na tomto kvízu bez doplňovacích otázek.
9.
Pořadí na kvízu
Konečné umístění týmu na tomto kvízu.
Zaznamenané odpovědi
| # | Otázka | Odpověď | Body | Výsledky |
|---|---|---|---|---|
| 1. | Sociální demokraté si novým šé... | 0 | ||
| 2. | Obyvatelé Moskvy přišli na způ... | 0 | ||
| 3. | Novou soškou lva inspirovanou... | 0 | ||
| 4. | Mimořádná valná hromada jedné... | 1 | ||
| 5. | Začátek olympijského hokejovéh... | 1 | ||
| 6. | Která slavná americká kapela n... | 0 | ||
| 7. | Otcem titána Oriona v řecké my... | 1 | ||
| 8. | Který z těchto výrobků nepatří... | 1 | ||
| 9. | Orion je kosmická loď vyvíjená... | 1 | ||
| 10. | Odrůda jablek Orion byla vyšle... | 1 |